000 00707nam a2200241 a 4500
008
020 _a0065006615 (pbk.)
049 _aMAIN
050 0 0 _aPN4784
_fFRI
100 1 _aFriedlander, Edward Jay
245 1 0 _aFeature writing for newspapers and magazines :
_bthe pursuit of excellence /
_cEdward Jay Friedlander and John Lee.
250 _a2nd ed.
260 _aNew York, NY :
_bHarperCollins,
_cc1993.
300 _axiii, 351 p. ;
_c24 cm.
500 _aIncludes index.
650 _aLee, John
650 0 _aFeature writing.
907 _a.b10148620
_b08-02-05
_c26-01-05
003
005 20230123133913.0
040 _cNUST
942 _cBOOKS
999 _c156618
_d156618